Capital Cities - Statistics

General Stats
  • This quiz has been taken 19 times
  • The average score is 10 of 13
Answer Stats
Hint Answer % Correct
Berlin Germany
100%
Rome Italy
100%
Pyongyang North Korea
100%
Nairobi Kenya
94%
Berne Switzerland
94%
London UK
94%
Kuala Lampur Malaysia
88%
Nicosia Cyprus
71%
Valletta Malta
71%
Vaduz Liechtenstein
65%
Abuja Nigeria
59%
Jerusalem Palestine
59%
Yaren Nauru
18%
No matching quizzes found
Score Distribution
Percent of People with Each Score
Percentile by Number Answered
Your Score History
You have not taken this quiz